All my sons (Record no. 9232)
[ view plain ]
| 000 -LEADER | |
|---|---|
| fixed length control field | 00312nam a22001337a 4500 |
| 005 - DATE AND TIME OF LATEST TRANSACTION | |
| control field | 20230120105235.0 |
| 008 - FIXED-LENGTH DATA ELEMENTS--GENERAL INFORMATION | |
| fixed length control field | 230120b |||||||| |||| 00| 0 eng d |
| 040 ## - CATALOGING SOURCE | |
| Transcribing agency | ##$aRTC$cRTC |
| 082 ## - DEWEY DECIMAL CLASSIFICATION NUMBER | |
| Classification number | 812.5 |
| 100 ## - MAIN ENTRY--PERSONAL NAME | |
| Personal name | Arthur Miller |
| 245 ## - TITLE STATEMENT | |
| Title | All my sons |
| Statement of responsibility, etc. | Arthur Miller |
| 260 ## - PUBLICATION, DISTRIBUTION, ETC. | |
| Date of publication, distribution, etc. | 2000 |
| 942 ## - ADDED ENTRY ELEMENTS (KOHA) | |
| Source of classification or shelving scheme | Dewey Decimal Classification |
| Koha item type | CE Textbook |
| Withdrawn status | Lost status | Source of classification or shelving scheme | Damaged status | Not for loan | Collection code | Home library | Current library | Shelving location | Date acquired | Serial Enumeration / chronology | Full call number | Barcode | Date last seen | Price effective from | Koha item type |
|---|---|---|---|---|---|---|---|---|---|---|---|---|---|---|---|
| Dewey Decimal Classification | Binding Materials. | RTC Library | RTC Library | CE Textbook | 20/01/2023 | 176072 | 812.5 MIL c.1 | 30017367 | 20/01/2023 | 20/01/2023 | CE Textbook | ||||
| Dewey Decimal Classification | Binding Materials. | RTC Library | RTC Library | CE Textbook | 20/01/2023 | 176073 | 812.5 MIL c.2 | 30017359 | 08/11/2024 | 20/01/2023 | CE Textbook | ||||
| Dewey Decimal Classification | Binding Materials. | RTC Library | RTC Library | CE Textbook | 20/01/2023 | 176074 | 812.5 MIL c.3 | 30017339 | 20/01/2023 | 20/01/2023 | CE Textbook | ||||
| Dewey Decimal Classification | Binding Materials. | RTC Library | RTC Library | CE Textbook | 20/01/2023 | 176075 | 812.5 MIL c.4 | 30017319 | 20/01/2023 | 20/01/2023 | CE Textbook | ||||
| Dewey Decimal Classification | Binding Materials. | RTC Library | RTC Library | CE Textbook | 20/01/2023 | 176076 | 812.5 MIL c.5 | 30017299 | 20/01/2023 | 20/01/2023 | CE Textbook |